00821nam a2200253 a 450000100060000000300080000600500170001400800410003103500200007204000320009204100080012408200270013210000320015924500750019125000210026626000400028730000190032749000350034665000200038165100550040170000530045670000230050983000350053265360BD-RJUL20211209081420.0170305s1942 ii 000 0 eng d a(BD-RJUL) 65490 aCLOcCLOdNDDdBD-RJULbeng aeng 223a954.084bGAQ 19421 aGandhi, Mahatmad1869-1948.10aQuit India /cby Mahatma Gandhi ; edited by R.K. Prabhu [and] U.R. Rao aRev. and enl. ed aBombay :bPadma Publications,c1942 a84 p. ;c18 cm aCurrent Topics Series ;vno. 3 0aBritishxIndia. 0aIndiaxHistoryyQuit India movement, 1942xSources1 aPrabhu, R. K.q(Ramachandra Krishna),d1883-19661 aRao, U. R.,d1932- 0aCurrent topics series ;vno. 3